00476nas a2200133 a 4500008004100000050002500041110002500066245010000091260002200191350000900213362007200222500001800294650003000312100122c20079999||||||||||||||||| || u aZAM PER BOZ(05)ZAMBA aBank Of Zambia (BOZ)10aZambanker: IMF/World Bank annual meetings, Washington DC October 2007cA Bank of Zambia Journal aLusakabBOZc2007 a0.001 aDecember 2003; August 2004; September 2004; June 2005; October 2007 aSpecial issue aBANKS AND BANKING--ZAMBIA